RAGAZZI ASPIRANTI. RIVISTA PER DELEGATI ASPIRANTI GIAC. AGOSTO SETTEMBRE 1958. (Record n. 334417)
[ formato base ]
| 000 -LEADER | |
|---|---|
| fixed length control field | 01562nas a2200277Ia 4500 |
| 001 - CONTROL NUMBER | |
| control field | L200-55747 |
| 003 - CONTROL NUMBER IDENTIFIER | |
| control field | IT-CnALBA |
| 008 - FIXED-LENGTH DATA ELEMENTS--GENERAL INFORMATION | |
| fixed length control field | 170116c99999999xx |||||||||||| ||und|| |
| 040 ## - CATALOGING SOURCE | |
| Original cataloging agency | IT-CnALBA |
| Transcribing agency | IT-CnALBA |
| 041 ## - LANGUAGE CODE | |
| Language code of text/sound track or separate title | ITALIANO |
| 999 ## - SYSTEM CONTROL NUMBERS (KOHA) | |
| Koha Dewey Subclass [OBSOLETE] | NO |
| 100 ## - MAIN ENTRY--PERSONAL NAME | |
| Personal name | BUCCIARELLI CLAUDIO |
| 210 ## - ABBREVIATED TITLE | |
| Abbreviated title | RAGAZZI ASPIRANTI |
| 222 ## - KEY TITLE | |
| Key title | RAGAZZI ASPIRANTI |
| 245 #0 - TITLE STATEMENT | |
| Title | RAGAZZI ASPIRANTI. RIVISTA PER DELEGATI ASPIRANTI GIAC. AGOSTO SETTEMBRE 1958. |
| 250 ## - EDITION STATEMENT | |
| Edition statement | 1a ed. |
| 260 ## - PUBLICATION, DISTRIBUTION, ETC. (IMPRINT) | |
| Place of publication, distribution, etc. | ROMA - TREVISO |
| Name of publisher, distributor, etc. | GIAC |
| Date of publication, distribution, etc. | 1958 [1° Ed.:1958 - Ed.Ling.Originale: 1958] |
| 300 ## - PHYSICAL DESCRIPTION | |
| Extent | 40 p. (prefazione: 8) |
| 310 ## - CURRENT PUBLICATION FREQUENCY | |
| Current publication frequency | MENSILE |
| 362 ## - DATES OF PUBLICATION AND/OR SEQUENTIAL DESIGNATION | |
| Dates of publication and/or sequential designation | Fascicolo: 8-9 / Anno: 11 (1958) |
| 500 ## - GENERAL NOTE | |
| General note | RISPOSTE AI LETTORI. EDITORIALE. COLLOQUI COL DELEGATO. LA COMUNIONE. COURTOIS G. L'EDUCATORE E LA FAMIGLIA. PAGINE SCELTE. LA PROMESSA DEGLI ASPIRANTI. PARLARE DI GESÙ AI RAGAZZI. FIORETTI DEL DELEGATO. GIORNATA DI RITIRO. COLLEZIONE DI INSETTI. IL TEMA. LA CASA. COSTRUIRE UN TELEFONO. S. TARCISIO. IL TESSERAMENTO. VIVA IL GREST. CINEMA. |
| 501 ## - WITH NOTE | |
| With note | Società San Paolo EM - Piazza San Paolo, 14 - 12051 ALBA (CN) (non commercial uses only) ® Copyright 2017 |
| 520 ## - SUMMARY, ETC. | |
| Summary, etc. | RISPOSTE AI LETTORI. EDITORIALE. COLLOQUI COL DELEGATO. LA COMUNIONE. COURTOIS G. L'EDUCATORE E LA FAMIGLIA. PAGINE SCELTE. LA PROMESSA DEGLI ASPIRANTI. PARLARE DI GESÙ AI RAGAZZI. FIORETTI DEL DELEGATO. GIORNATA DI RITIRO. COLLEZIONE DI INSETTI. IL TEMA. LA CASA. COSTRUIRE UN TELEFONO. S. TARCISIO. IL TESSERAMENTO. VIVA IL GREST. CINEMA. |
| 650 ## - SUBJECT ADDED ENTRY--TOPICAL TERM | |
| Topical term or geographic name as entry element | RELIGIONE - RELIGIONE CRISTIANA |
| 942 ## - ADDED ENTRY ELEMENTS (KOHA) | |
| Koha item type | RIVISTA |
| 957 ## - | |
| -- | 1 |
| 999 ## - SYSTEM CONTROL NUMBERS (KOHA) | |
| -- | 1 |
| Withdrawn status | Lost status | Damaged status | Not for loan | Home library | Current library | Date acquired | Total Checkouts | Full call number | Date last seen | Price effective from | Koha item type | Public note |
|---|---|---|---|---|---|---|---|---|---|---|---|---|
| Buone Condizioni | Not For Loan | ALBA - Biblioteca | ALBA - Biblioteca | 16/01/2017 | L200-55747 | 16/01/2017 | 16/01/2017 | RIVISTA | (data import: 16 gennaio 2017) - By Epidotti, Vaglietti. |